Alessia Cara Know-It-All Songs - Statistics

General Stats
  • This quiz has been taken 2 times
  • The average score is 8 of 13
Answer Stats
Hint Answer % Correct
DE River of Tears
100%
1 Seventeen
100%
6 Wild Things
100%
5 Four Pink Walls
50%
2 Here
50%
4 I'm Yours
50%
DE My Song
50%
3 Outlaws
50%
8 Overdose
50%
10 Scars to Your Beautiful
50%
9 Stars
50%
7 Stone ft. Sebastian Kole
50%
DE Here (2:00 AM Version)
0%
No matching quizzes found
Score Distribution
Percent of People with Each Score
Percentile by Number Answered
Your Score History
You have not taken this quiz